00354pab a2200121 454500008004000000100001700040245009700057260000900154300001300163362001100176650001100187773003400198180718b2009 xxu||||| |||| 00| 0 eng d aBara, Joseph aAlien construct and tribal contestation in colonial Chhotanagpur: the medium of christianity c2009 ap.90-96. a26 Dec aTribes aEconomic and Political Weekly